| 000 | 00756nam a2200193 a 4500 | ||
|---|---|---|---|
| 003 | 0 | ||
| 005 | 20250424150402.0 | ||
| 008 | 050808s19uu xx 00 eng d | ||
| 050 |
_aPHS PE 1128.K6 _b.K36 2005 |
||
| 100 | _aKang, Hyun Kyung. | ||
| 245 |
_aThe Improvement of English language proficiency on Korean students / _cHyun Kyung Kang. |
||
| 260 |
_aLas PiƱas City, Philippines : _bSouthville International School and Colleges, _c2005. |
||
| 300 |
_a24 pages : _billustrations ; _c28 cm. |
||
| 504 | _aIncludes bibliographical references. | ||
| 650 |
_2Library of Congress Subject Headings _aEnglish language _xStudy and teaching _vKorean speakers. |
||
| 650 |
_aSecond language acquisition _xKorean students. |
||
| 942 |
_2lcc _cPASS |
||
| 999 |
_c97250 _d97250 |
||